书目信息 |
| 题名: |
市场营销经理工作手册
|
|
| 作者: | 吴振兴 主编 | |
| 分册: | ||
| 出版信息: | 哈尔滨 哈尔滨出版社 2006.01 |
|
| 页数: | 375页 | |
| 开本: | 24cm | |
| 丛书名: | 管理之星.中国经理人工作手册 | |
| 单 册: | ||
| 中图分类: | F274-62 | |
| 科图分类: | ||
| 主题词: | 企业管理--市场营销 | |
| 电子资源: | ||
| ISBN: | 7-80699-583-8 | |
| 000 | 00674 nam 000229 | |
| 001 | 012000000617 | |
| 005 | 20070902151237.20 | |
| 010 | @a7-80699-583-8@dCNY38.00 | |
| 100 | @a20070713d2006 em y0chiy0121 ea | |
| 101 | @achi | |
| 102 | @aCN@b110000 | |
| 105 | @ay z 000yy | |
| 200 | 10 | @a市场营销经理工作手册@9shi chang ying xiao jing li gong zuo shou ce@f吴振兴主编@Fwu zhen xing zhu bian |
| 210 | @a哈尔滨@c哈尔滨出版社@d2006.01 | |
| 215 | @a375页@d24cm | |
| 225 | @a管理之星.中国经理人工作手册 | |
| 606 | @a企业管理@x市场营销 | |
| 690 | @aF274-62@v4 | |
| 701 | 0 | @a吴振兴@9wu zhen xing@4主编 |
| 801 | @aCN@c20070902 | |
| 901 | @a000001 | |
| 905 | @dF274-62@eW920 | |
| 市场营销经理工作手册/吴振兴主编.-哈尔滨:哈尔滨出版社,2006.01 |
| 375页;24cm.-(管理之星.中国经理人工作手册) |
| ISBN 7-80699-583-8:CNY38.00 |
| ● |
| 相关链接 |
|
|
|
正题名:市场营销经理工作手册
索取号:F274-62/W920
 
预约/预借
| 序号 | 登录号 | 条形码 | 馆藏地/架位号 | 状态 | 备注 |
| 1 | 641743 | 206417439 | 社科二线422/409社科库 94排2列1层/ [索取号:F274-62/W920] | 在馆 | |
| 2 | 641744 | 206417448 | 社科库409/409社科库 94排2列1层/ [索取号:F274-62/W920] | 在馆 |